Culture Générale - Série 1536 - Statistiques

Statistiques générales
  • Ce quiz a été pris 98 fois
  • Le résultat moyen est 4 sur 10
Statistiques - réponses
Question Réponse % Correct
Sur quel continent se trouve le massif montagneux qu'on appelle les Appalaches ? Amérique
91%
L’Annapurna est une montagne de l’Himalaya située dans quel pays ? Népal
79%
Quel publiciste et révolutionnaire français (initiales CD) fut, comme Danton, guillotiné en avril 1794 ? Camille Desmoulins
36%
De quel album de Claude Nougaro est extraite la chanson “Rythm' Flouze” ? Nougayork
36%
La périphrase « la Belle Province » désigne le ... Québec
30%
Quel État des États-Unis a pour capitale Annapolis ? Maryland
27%
À quelle sainte est consacrée la cathédrale d'Albi ? Sainte Cécile
22%
Dans quel domaine le prix Pritzker est-il une récompense? architecture
21%
À quel auteur dramatique doit-on le vaudeville “La Cagnotte”, en 1864 ? Eugène Labiche
15%
De quel pays la gourde est-elle la monnaie ? Haïti
10%
Aucun quiz correspondant
Distribution des résultats
% des personnes avec chaque résultat
Percentile par nombre de réponses
Votre historique - résultats
Vous n’avez pas pris ce quiz